| 000 | 00509nam a22001577a 4500 | ||
|---|---|---|---|
| 005 | 20260225111334.0 | ||
| 008 | 260225b |||||||| |||| 00| 0 eng d | ||
| 020 | _a978-1-4842-2052-8 | ||
| 100 | _aWITTKOP, JEREMY | ||
| 245 |
_aBUILDING A COMPREHENSIVE IT SECURITY PROGRAM _bPRACTICAL GUIDELINES AND BEST PRACTICES |
||
| 260 |
_aNEW YORK _bAPRESS MEDIA _c2016 |
||
| 300 | _aXIX, 195P. | ||
| 500 | _aINCLUDES INDEX | ||
| 650 | _a1. INFORMATION TECHNOLOGY - SECURITY MEASURES - MANAGEMENT | ||
| 942 |
_2lcc _cBK |
||
| 999 |
_c216648 _d216648 |
||